00301nam a2200133Ia 4500008004100000041000800041082002100049100001300070245002200083260002500105300000800130365001600138700001300154230718s9999 xx 000 0 und d aeng a615.52'3962bBAJ aBajaj K. aKeep Of The Grass c2008bHarper Collins a259 cRs.b195.00 aBajaj K.